| 000 | 00373pab a2200145 454500 | ||
|---|---|---|---|
| 008 | 180718b1985 xxu||||| |||| 00| 0 eng d | ||
| 100 | _aGupta, V.P | ||
| 245 |
_aAssessment on cost basis _bDuty of assessors |
||
| 260 | _c1985 | ||
| 300 | _a125-6 | ||
| 362 | _aMar. | ||
| 650 | _aReal Property - Assessed Valuation - India - Delhi | ||
| 773 | _aTax - Net | ||
| 909 | _a17058 | ||
| 999 |
_c17058 _d17058 |
||